[Event "IV Amateur Open"]
[Site "Calvia ESP"]
[Date "2007.10.10"]
[Round "5"]
[White "Planas Gene, J."]
[Black "Oliver Serrano, A."]
[Result "1-0"]
[WhiteElo "2186"]
[BlackElo "2094"]
[PlyCount "57"]
[EventDate "2007.10.06"]
[Source "www.chesslib.no"]
[SourceDate "2004.05.04"]

1. d4 Nf6 2. c4 e6 3. Nc3 c5 4. d5 d6 5. e4 exd5 6. cxd5 g6 7. f4 Bg7 8. e5 dxe5 9. fxe5 Nfd7 10. e6 fxe6 11. dxe6 Qh4+ 12. g3 Bxc3+ 13. bxc3 Qe4+ 14. Qe2 Qxe2+ 15. Bxe2 Nf8 16. e7 Ne6 17. Nf3 Nc6 18. O-O Kxe7 19. Ng5 Ncd8 20. Be3 Bd7 21. Bc4 Rc8 22. Rae1 h6 23. Ne4 b6 24. Ba6 Rc7 25. Nf6 Bc6 26. Bf4 Rb7 27. Bxb7 Bxb7 28. Be5 Rf8 29. Rd1 1-0

[Event "HUN-chT2 9798"]
[Site "HUN"]
[Date "1998.??.??"]
[Round "?"]
[White "Konig, Balazs"]
[Black "Gyarmati, Peter"]
[Result "0-1"]
[WhiteElo "2135"]
[BlackElo "2135"]
[PlyCount "70"]
[EventDate "1997.??.??"]
[Source "www.chesslib.no"]
[SourceDate "2004.05.04"]

1. d4 Nf6 2. c4 c5 3. d5 e6 4. Nc3 exd5 5. cxd5 d6 6. e4 g6 7. f4 Bg7 8. e5 Nfd7 9. Nb5 dxe5 10. Nd6+ Kf8 11. Nxc8 Qxc8 12. Nf3 e4 13. Ng5 Nf6 14. Bc4 h6 15. Nh3 Nbd7 16. O-O Nb6 17. Qe2 Nfxd5 18. Qxe4 Bd4+ 19. Kh1 Nf6 20. Qd3 Nxc4 21. Qxc4 Qe6 22. Qb5 Qd7 23. Qxd7 Nxd7 24. f5 g5 25. Bd2 Kg7 26. Bc3 Bxc3 27. bxc3 Nf6 28. Nf2 Rad8 29. Rad1 Rhe8 30. Nd3 b6 31. Kg1 Re3 32. Rf3 Rxf3 33. gxf3 c4 34. Nb2 Rxd1+ 35. Nxd1 Nd5 0-1

[Event "SME Open"]
[Site "?"]
[Date "2005.05.02"]
[Round "3"]
[White "Bures Martin"]
[Black "Papan Cyril"]
[Result "0-1"]
[WhiteElo "2183"]
[BlackElo "2076"]
[PlyCount "154"]
[EventDate "2005.??.??"]
[Source "www.chesslib.no"]
[SourceDate "2004.05.04"]

1. d4 Nf6 2. c4 e6 3. Nc3 c5 4. d5 exd5 5. cxd5 d6 6. e4 g6 7. f4 Bg7 8. e5 dxe5 9. fxe5 Nh5 10. Nf3 O-O 11. Bc4 Bg4 12. O-O Bxe5 13. Bg5 Bxf3 14. Bxd8 Bxd1 15. Be7 Bd4+ 16. Kh1 Bg4 17. Bxf8 Kxf8 18. d6 f6 19. Ne4 Bf5 20. Bd5 Nd7 21. Bxb7 Rb8 22. Bd5 Nb6 23. Bc6 Rd8 24. Rae1 Nc4 25. d7 Ne5 26. Nd6 Bxd7 27. Bxd7 Rxd7 28. Ne4 Kg7 29. Rd1 Re7 30. b4 Ng4 31. Nxc5 Nf2+ 32. Rxf2 Bxf2 33. Nd3 Bb6 34. g4 Kh6 35. gxh5 Kxh5 36. a4 f5 37. Nf4+ Kg4 38. Nd5 Re2 39. a5 Bf2 40. Rd3 f4 41. h3+ Kf5 42. Rb3 Be1 43. a6 Ke5 44. Ne7 Ke4 45. b5 Bf2 46. Nc6 Ra2 47. Nb4 Ra4 48. Kg2 Bc5 49. Nd3 f3+ 50. Kg3 Bd6+ 51. Kf2 Ra2+ 52. Rb2 Ra3 53. Ne1 Bc5+ 54. Kf1 Ra1 55. h4 h6 56. Rc2 Bd4 57. h5 gxh5 58. b6 Bxb6 59. Rc1 Rxa6 60. Ra1 Ba5 61. Nc2 Rc6 62. Rxa5 Rxc2 63. Rxa7 Kf4 64. Rf7+ Kg4 65. Rg7+ Kh3 66. Rg6 Rg2 67. Rxh6 Rg5 68. Rf6 Kg3 69. Rf8 h4 70. Rh8 h3 71. Rh7 h2 72. Rh8 Rg4 73. Rh7 Rh4 74. Rg7+ Kh3 75. Kf2 h1=Q 76. Rg3+ Kh2 77. Rh3+ Kxh3 0-1

[Event "Finkenstein Open"]
[Site "Finkenstein"]
[Date "1996.??.??"]
[Round "2"]
[White "Marjanovic, Slavoljub"]
[Black "Tobisch, Manfred"]
[Result "1-0"]
[WhiteElo "2445"]
[BlackElo "1800"]
[PlyCount "51"]
[EventDate "1996.??.??"]
[Source "www.chesslib.no"]
[SourceDate "2004.05.04"]

1. d4 Nf6 2. c4 c5 3. d5 e6 4. Nc3 exd5 5. cxd5 d6 6. e4 g6 7. f4 Bg7 8. e5 Nfd7 9. e6 fxe6 10. dxe6 Qe7 11. Nb5 Qxe6+ 12. Be2 Na6 13. Nxd6+ Ke7 14. Nxc8+ Raxc8 15. Nf3 Rhd8 16. O-O Nb6 17. Qe1 h6 18. Qh4+ Qf6 19. Qg3 Nd7 20. Nh4 Nf8 21. Re1 Nc7 22. Bg4+ Nce6 23. f5 gxf5 24. Nxf5+ Kd7 25. Qd6+ Ke8 26. Bh5+ 1-0

[Event "Dnepropetrovsk (Ukraine)"]
[Site "?"]
[Date "2005.03.??"]
[Round "7"]
[White "Shepeleva Sofia"]
[Black "Arutyunova Diana"]
[Result "0-1"]
[WhiteElo "1940"]
[BlackElo "2300"]
[PlyCount "100"]
[EventDate "2005.??.??"]
[Source "www.chesslib.no"]
[SourceDate "2004.05.04"]

1. d4 c5 2. d5 e6 3. c4 exd5 4. cxd5 d6 5. Nc3 g6 6. e4 Bg7 7. f4 Nf6 8. e5 Nfd7 9. Nb5 dxe5 10. Nd6+ Ke7 11. Nxc8+ Qxc8 12. Nf3 Re8 13. Bb5 Kf8 14. O-O e4 15. Ne5 Nxe5 16. fxe5 Rxe5 17. Bf4 Rf5 18. g4 Rf6 19. d6 Nd7 20. Qa4 Nb6 21. d7 Nxa4 22. dxc8=Q+ Rxc8 23. Bxa4 Rb6 24. Rad1 Bd4+ 25. Kh1 Rxb2 26. Bd6+ Kg7 27. Bb3 f6 28. Rb1 Rxb1 29. Rxb1 b6 30. Re1 Re8 31. Bc2 f5 32. h3 Kf6 33. Kg2 Rd8 34. Bg3 Be5 35. Bxe5+ Kxe5 36. Re2 c4 37. Ba4 a6 38. Kf2 Rd3 39. Re3 Rd2+ 40. Re2 Rd3 41. Re3 f4 42. Rxd3 cxd3 43. Bc6 g5 44. a4 Kd4 45. Bb7 a5 46. Bc6 e3+ 47. Ke1 Kc3 48. Be4 h6 49. Kd1 e2+ 50. Ke1 Kd4 0-1

[Event "Open Bali A"]
[Site "?"]
[Date "2003.11.24"]
[Round "5"]
[White "Garcia Gata Jorge D"]
[Black "Montell Zabay Albert"]
[Result "1/2-1/2"]
[WhiteElo "2055"]
[BlackElo "2163"]
[PlyCount "42"]
[EventDate "2003.??.??"]
[Source "www.chesslib.no"]
[SourceDate "2004.05.04"]

1. d4 Nf6 2. c4 c5 3. d5 e6 4. Nc3 exd5 5. cxd5 d6 6. e4 g6 7. f4 Bg7 8. e5 dxe5 9. fxe5 Nfd7 10. e6 fxe6 11. dxe6 Qh4+ 12. g3 Bxc3+ 13. bxc3 Qe4+ 14. Qe2 Qxe2+ 15. Bxe2 Ne5 16. Bf4 Nbc6 17. Bb5 Ke7 18. O-O-O Bxe6 19. Bxc6 Nxc6 20. Bd6+ Kf6 21. Bxc5 Rad8 1/2-1/2

[Event "Norwegian Open"]
[Site "?"]
[Date "2005.03.19"]
[Round "1"]
[White "Becker Martin"]
[Black "Aandal Kristian"]
[Result "1-0"]
[WhiteElo "2251"]
[BlackElo "1932"]
[PlyCount "43"]
[EventDate "2005.??.??"]
[Source "www.chesslib.no"]
[SourceDate "2004.05.04"]

1. d4 Nf6 2. c4 c5 3. d5 e6 4. Nc3 exd5 5. cxd5 d6 6. e4 g6 7. f4 Bg7 8. e5 Nfd7 9. Nb5 dxe5 10. Nd6+ Kf8 11. Nf3 Qc7 12. Nb5 Qb6 13. a4 Na6 14. Bc4 h6 15. d6 Qd8 16. fxe5 Nxe5 17. Bd5 Rb8 18. O-O f5 19. Bf4 Nxf3+ 20. Qxf3 Bd7 21. Rae1 Nb4 22. Re7 1-0

[Event "Malaga Ch"]
[Site "Malaga ESP"]
[Date "1985.04.27"]
[Round "6"]
[White "Valero Fuertes, Carlos"]
[Black "Corrales Ibanez, Pedro Luis"]
[Result "1-0"]
[WhiteElo "2084"]
[BlackElo "2064"]
[PlyCount "79"]
[EventDate "1985.03.23"]
[Source "www.chesslib.no"]
[SourceDate "2004.05.04"]

1. d4 Nf6 2. c4 c5 3. d5 e6 4. Nc3 exd5 5. cxd5 d6 6. e4 g6 7. f4 Bg7 8. e5 Nfd7 9. Nb5 dxe5 10. Nd6+ Ke7 11. Nxc8+ Qxc8 12. Nf3 Re8 13. Bc4 Kf8 14. O-O e4 15. Ne5 Rxe5 16. fxe5 Nxe5 17. Qe2 f5 18. Qxe4 Nxc4 19. Qxc4 Nd7 20. Re1 Nb6 21. Qh4 Qd7 22. Bh6 Bxh6 23. Qxh6+ Kg8 24. Rad1 Re8 25. Rxe8+ Qxe8 26. Qf4 Qd7 27. Qb8+ Kf7 28. Qh8 Qa4 29. Qxh7+ Kf8 30. Qh8+ Kf7 31. b3 Qg4 32. Re1 Qd4+ 33. Qxd4 cxd4 34. d6 d3 35. Re7+ Kf6 36. Kf1 Nd5 37. Rxb7 Nc3 38. d7 Ke7 39. Ke1 Ne4 40. Rxa7 1-0

[Event "Alpress Cup"]
[Site "?"]
[Date "2005.03.25"]
[Round "3"]
[White "Kratochvil Karel"]
[Black "Hradecky Ivo"]
[Result "1-0"]
[WhiteElo "2015"]
[BlackElo "2096"]
[PlyCount "61"]
[EventDate "2005.??.??"]
[Source "www.chesslib.no"]
[SourceDate "2004.05.04"]

1. d4 Nf6 2. c4 c5 3. d5 e6 4. Nc3 exd5 5. cxd5 d6 6. e4 g6 7. f4 Bg7 8. e5 Nfd7 9. e6 fxe6 10. dxe6 Nb6 11. Ne4 d5 12. Bb5+ Nc6 13. Nxc5 Qd6 14. Nd3 Bxe6 15. Nf3 O-O 16. Bxc6 bxc6 17. O-O Nc4 18. Nfe5 Nxe5 19. fxe5 Rxf1+ 20. Qxf1 Bxe5 21. Nxe5 Qxe5 22. Bh6 Bf5 23. Re1 Be4 24. Qf2 Qh5 25. Qf4 Rc8 26. Rf1 Bf5 27. h3 Re8 28. g4 Qxh3 29. gxf5 Re2 30. Qb8+ Kf7 31. fxg6+ 1-0

[Event "Charlesbourg"]
[Site "?"]
[Date "2004.07.12"]
[Round "5"]
[White "Berube Antoine"]
[Black "Beaudoin Stephane"]
[Result "1-0"]
[WhiteElo "2060"]
[BlackElo "2041"]
[PlyCount "67"]
[EventDate "2004.??.??"]
[Source "www.chesslib.no"]
[SourceDate "2004.05.04"]

1. d4 Nf6 2. c4 e6 3. Nc3 c5 4. d5 exd5 5. cxd5 d6 6. e4 g6 7. f4 Bg7 8. e5 Nfd7 9. Ne4 dxe5 10. Nd6+ Kf8 11. Nf3 exf4 12. Be2 Na6 13. O-O Qf6 14. Ne4 Qf5 15. Nfg5 Nf6 16. Rxf4 Qe5 17. Qf1 Bf5 18. Nf3 Qxd5 19. Bc4 Qd8 20. Nfg5 Nd5 21. Nxf7 Kxf7 22. g4 Bf6 23. gxf5 g5 24. Rg4 h5 25. Nxg5+ Bxg5 26. Rxg5 Nac7 27. h4 Qd7 28. Bf4 b5 29. Be5 Rhg8 30. Bxd5+ Nxd5 31. Qf3 Nf6 32. Rd1 Qe7 33. Bxf6 Kxf6 34. Qc6+ 1-0

[Event "Corr"]
[Site "?"]
[Date "1997.??.??"]
[Round "?"]
[White "Lynch John Jr"]
[Black "Long Jeffrey"]
[Result "0-1"]
[WhiteElo "1846"]
[BlackElo "2250"]
[PlyCount "43"]
[EventDate "1997.??.??"]
[Source "www.chesslib.no"]
[SourceDate "2004.05.04"]

1. d4 Nf6 2. c4 c5 3. d5 e6 4. Nc3 exd5 5. cxd5 d6 6. e4 g6 7. f4 Bg7 8. e5 Nfd7 9. Ne4 dxe5 10. Nd6+ Ke7 11. Nxc8+ Qxc8 12. Nf3 Re8 13. fxe5 Kf8 14. Bb5 a6 15. Qa4 Nb6 16. Qa5 N8d7 17. Bxd7 Nxd7 18. Be3 Bxe5 19. O-O Bxb2 20. Bh6+ Kg8 21. Rad1 Re2 22. Qd2 0-1

[Event "Fide Mercenarios 40th"]
[Site "Mexico"]
[Date "1999.??.??"]
[Round "6"]
[White "Diaz Lombardo, Isidro"]
[Black "Benitez Diaz, Francisco Javier"]
[Result "1/2-1/2"]
[WhiteElo "2055"]
[BlackElo "2025"]
[PlyCount "119"]
[EventDate "1999.??.??"]
[Source "www.chesslib.no"]
[SourceDate "2004.05.04"]

1. d4 Nf6 2. c4 e6 3. Nc3 c5 4. d5 exd5 5. cxd5 d6 6. e4 g6 7. f4 Bg7 8. e5 dxe5 9. fxe5 Qe7 10. Nf3 O-O 11. Bg5 Bg4 12. Be2 Bxf3 13. exf6 Bxf6 14. Bxf6 Qxf6 15. Bxf3 Re8+ 16. Kf2 Qh4+ 17. g3 Qb4 18. Qd2 Nd7 19. Ne4 Rxe4 20. Qxb4 Rxb4 21. b3 Re8 22. Rhe1 Ne5 23. Rad1 f6 24. d6 Rd8 25. Rd5 Rd4 26. Rd1 Nxf3 27. Kxf3 Rxd1 28. Rxd1 Kf7 29. Ke4 Ke6 30. Rc1 b6 31. a3 Rxd6 32. b4 Rd4+ 33. Ke3 Kd5 34. bxc5 bxc5 35. Rb1 Re4+ 36. Kd2 Ra4 37. Rb3 h5 38. Kc2 Re4 39. Kd2 a5 40. Rb6 Re6 41. Rb5 Ra6 42. Kd3 a4 43. Kc3 Re6 44. Kd3 Re1 45. Ra5 Rd1+ 46. Ke2 Rh1 47. h4 Rg1 48. Kf2 Rd1 49. Rxa4 g5 50. Ra6 gxh4 51. Rxf6 hxg3+ 52. Kxg3 Rd3+ 53. Kf2 Rxa3 54. Rf5+ Kd4 55. Rxh5 c4 56. Ke2 Kc3 57. Rc5 Ra1 58. Rc8 Rh1 59. Rc7 Rh4 60. Kd1 1/2-1/2

[Event "Corr"]
[Site "?"]
[Date "2002.12.30"]
[Round "?"]
[White "Daurelle Herve"]
[Black "Iglesias Manuel"]
[Result "1-0"]
[WhiteElo "2359"]
[BlackElo "1700"]
[PlyCount "57"]
[EventDate "2002.??.??"]
[Source "www.chesslib.no"]
[SourceDate "2004.05.04"]

1. d4 Nf6 2. c4 c5 3. d5 e6 4. Nc3 exd5 5. cxd5 d6 6. e4 g6 7. f4 Bg7 8. e5 dxe5 9. fxe5 Nfd7 10. e6 fxe6 11. dxe6 Qe7 12. Nd5 Qxe6+ 13. Qe2 Qxe2+ 14. Bxe2 O-O 15. Nc7 Nc6 16. Nxa8 Nb4 17. Bd1 Nd3+ 18. Ke2 Nf2 19. Nf3 Nxh1 20. Be3 Bxb2 21. Bb3+ Kh8 22. Rxh1 b6 23. Nc7 Ne5 24. Bh6 Rd8 25. Bg5 Rf8 26. Be7 Rf4 27. Rd1 Re4+ 28. Kf1 Nxf3 29. Rd8+ 1-0

[Event "Corr"]
[Site "?"]
[Date "2002.12.30"]
[Round "?"]
[White "Daurelle Herve"]
[Black "Fisher Geof"]
[Result "1-0"]
[WhiteElo "2359"]
[BlackElo "1669"]
[PlyCount "37"]
[EventDate "2002.??.??"]
[Source "www.chesslib.no"]
[SourceDate "2004.05.04"]

1. d4 Nf6 2. c4 c5 3. d5 e6 4. Nc3 exd5 5. cxd5 d6 6. e4 g6 7. f4 Bg7 8. e5 Nfd7 9. Nb5 dxe5 10. Nd6+ Kf8 11. Nf3 exf4 12. Bxf4 Bxb2 13. Rb1 Bc3+ 14. Kf2 Nf6 15. Qc1 Ng4+ 16. Kg1 Qf6 17. Nb5 Bf5 18. Nxc3 Bxb1 19. h3 1-0

[Event "Open A"]
[Site "?"]
[Date "2005.07.03"]
[Round "2"]
[White "Palkova Hana"]
[Black "Boleslav Petr"]
[Result "0-1"]
[WhiteElo "2020"]
[BlackElo "1991"]
[PlyCount "64"]
[EventDate "2005.??.??"]
[Source "www.chesslib.no"]
[SourceDate "2004.05.04"]

1. d4 Nf6 2. c4 c5 3. d5 e6 4. Nc3 exd5 5. cxd5 d6 6. e4 g6 7. f4 Bg7 8. e5 dxe5 9. fxe5 Ng4 10. e6 Bxc3+ 11. bxc3 Qf6 12. Bb5+ Kf8 13. Qf3 fxe6 14. Bh6+ Kf7 15. Qxg4 Qxc3+ 16. Kf2 Qxa1 17. Ne2 Qf6+ 18. Ke1 exd5 19. Qg3 Nc6 20. Rf1 Bf5 21. Bg5 Qe5 22. Bxc6 Qxg3+ 23. hxg3 bxc6 24. g4 Rab8 25. gxf5 gxf5 26. Rxf5+ Kg6 27. g4 Rhe8 28. Bf6 Re4 29. Rf2 d4 30. Kd1 Rxg4 31. Be7 c4 32. Nf4+ Kf5 0-1

[Event "IV Campionato UE"]
[Site "Liverpool ING"]
[Date "2008.09.16"]
[Round "8"]
[White "Bennion, D."]
[Black "Ringoir, G."]
[Result "1-0"]
[WhiteElo "2063"]
[BlackElo "1944"]
[PlyCount "73"]
[EventDate "2008.09.09"]
[Source "www.chesslib.no"]
[SourceDate "2004.05.04"]

1. d4 Nf6 2. c4 c5 3. d5 e6 4. Nc3 exd5 5. cxd5 d6 6. e4 g6 7. f4 Bg7 8. e5 Nfd7 9. exd6 O-O 10. Nf3 Nf6 11. Be2 a6 12. Ne5 Qxd6 13. Nc4 Qd8 14. O-O b5 15. Ne5 Bb7 16. Bf3 Nbd7 17. Nc6 Qb6 18. Re1 Rfe8 19. a4 c4+ 20. Kh1 Rxe1+ 21. Qxe1 Re8 22. Ne5 b4 23. Be3 Qd8 24. Ne4 Nxe5 25. fxe5 Nxe4 26. Bxe4 a5 27. Qf2 Bxe5 28. Rf1 f5 29. Bb6 Qa8 30. Bb1 Bxd5 31. Rd1 Bc6 32. Qc2 Qa6 33. Bxa5 Be4 34. Qe2 Qxa5 35. Qxc4+ Kh8 36. Rd7 Bxb1 37. Qf7 1-0

[Event "Corr"]
[Site "?"]
[Date "2002.12.30"]
[Round "?"]
[White "Daurelle Herve"]
[Black "Joensson Paul E"]
[Result "0-1"]
[WhiteElo "2359"]
[BlackElo "1600"]
[PlyCount "104"]
[EventDate "2002.??.??"]
[Source "www.chesslib.no"]
[SourceDate "2004.05.04"]

1. d4 Nf6 2. c4 c5 3. d5 e6 4. Nc3 exd5 5. cxd5 d6 6. e4 g6 7. f4 Bg7 8. e5 Nfd7 9. Nb5 dxe5 10. Nd6+ Ke7 11. Nxc8+ Qxc8 12. Nf3 Re8 13. Be2 Kf8 14. O-O e4 15. Ng5 h6 16. f5 hxg5 17. fxg6 Bd4+ 18. Kh1 f6 19. Bxg5 Kg7 20. Bg4 Rh8 21. Bf4 Qe8 22. Qb3 Nb6 23. Rae1 N8d7 24. Bf5 e3 25. Bxe3 Bxe3 26. Rxe3 Ne5 27. Rd1 Rd8 28. d6 Qg8 29. Qxg8+ Rhxg8 30. Rc3 Nbc4 31. d7 b6 32. b3 Na3 33. Rh3 Rh8 34. Rxh8 Kxh8 35. h4 Nb5 36. h5 Nd4 37. g4 Nxf5 38. gxf5 Rxd7 39. Rxd7 Nxd7 40. Kg2 Kg7 41. Kf3 Nb8 42. Ke4 Nc6 43. Kd5 Nd4 44. Ke4 a5 45. Kd5 Nxf5 46. Kc6 Nd4+ 47. Kxb6 a4 48. Kxc5 Nxb3+ 49. Kc4 f5 50. Kc3 Nc1 51. a3 Ne2+ 52. Kd2 Ng3 0-1

[Event "Corr"]
[Site "?"]
[Date "2002.??.??"]
[Round "?"]
[White "Korobeynikov Alexandr"]
[Black "Perez Giorgio"]
[Result "0-1"]
[WhiteElo "2000"]
[BlackElo "1912"]
[PlyCount "68"]
[EventDate "2002.??.??"]
[Source "www.chesslib.no"]
[SourceDate "2004.05.04"]

1. d4 Nf6 2. c4 c5 3. d5 e6 4. Nc3 exd5 5. cxd5 d6 6. e4 g6 7. f4 Bg7 8. e5 Nfd7 9. Nb5 dxe5 10. Nd6+ Ke7 11. Nxc8+ Qxc8 12. Nf3 Re8 13. fxe5 Nxe5 14. Bb5 Nbd7 15. O-O Kf8 16. Nxe5 Rxe5 17. Bf4 Re4 18. Qf3 f5 19. Rae1 Rxe1 20. Rxe1 a6 21. Bd6+ Kg8 22. Bd3 Bxb2 23. Re7 Bf6 24. Re6 b5 25. g4 c4 26. Bc2 fxg4 27. Qxg4 Nf8 28. Bxf8 Qxf8 29. d6 Qf7 30. Kg2 Rf8 31. Be4 c3 32. Bd5 c2 33. Qf4 Kh8 34. Qf1 Bc3 0-1

[Event "Corr"]
[Site "?"]
[Date "2002.12.30"]
[Round "?"]
[White "Daurelle Herve"]
[Black "Kwik Tongsoen"]
[Result "1-0"]
[WhiteElo "2359"]
[BlackElo "1400"]
[PlyCount "39"]
[EventDate "2002.??.??"]
[Source "www.chesslib.no"]
[SourceDate "2004.05.04"]

1. d4 Nf6 2. c4 c5 3. d5 e6 4. Nc3 exd5 5. cxd5 d6 6. e4 g6 7. f4 Bg7 8. e5 dxe5 9. fxe5 Ng4 10. Bb5+ Kf8 11. Nf3 Nxe5 12. O-O Bg4 13. Nxe5 Bxd1 14. Nxf7 Qh4 15. Bg5 Qd4+ 16. Kh1 Kg8 17. Nh6+ Bxh6 18. Bxh6 Na6 19. Raxd1 Qh4 20. d6 1-0

[Event "Herlies"]
[Site "?"]
[Date "2002.03.31"]
[Round "3"]
[White "Perz Jean Pierre"]
[Black "Majcher Bernard"]
[Result "1/2-1/2"]
[WhiteElo "1800"]
[BlackElo "1930"]
[PlyCount "51"]
[EventDate "2002.??.??"]
[Source "www.chesslib.no"]
[SourceDate "2004.05.04"]

1. d4 Nf6 2. c4 c5 3. d5 e6 4. Nc3 exd5 5. cxd5 d6 6. e4 g6 7. f4 Bg7 8. e5 Nfd7 9. Nf3 dxe5 10. fxe5 Nxe5 11. Bb5+ Nbd7 12. O-O O-O 13. d6 Nxf3+ 14. Qxf3 Qf6 15. Qe2 Qxd6 16. Bf4 Qd4+ 17. Kh1 Nf6 18. h3 Nh5 19. Bh2 Bd7 20. Rad1 Bxb5 21. Qxb5 Qb4 22. Qe2 Rfe8 23. Qf3 Nf6 24. Nd5 Nxd5 25. Qxf7+ Kh8 26. Qxd5 1/2-1/2

[Event "Corr"]
[Site "?"]
[Date "2002.12.30"]
[Round "?"]
[White "Daurelle Herve"]
[Black "Pott Brian"]
[Result "1/2-1/2"]
[WhiteElo "2359"]
[BlackElo "1359"]
[PlyCount "57"]
[EventDate "2002.??.??"]
[Source "www.chesslib.no"]
[SourceDate "2004.05.04"]

1. d4 Nf6 2. c4 c5 3. d5 e6 4. Nc3 exd5 5. cxd5 d6 6. e4 g6 7. f4 Bg7 8. e5 Nfd7 9. Nb5 dxe5 10. Nd6+ Ke7 11. Nxc8+ Qxc8 12. Nf3 Re8 13. Be2 Kf8 14. O-O e4 15. Ng5 h6 16. f5 hxg5 17. fxg6 Ne5 18. gxf7 Re7 19. Bxg5 Rxf7 20. Qc2 Kg8 21. Qxe4 Nbd7 22. Bh5 Rxf1+ 23. Rxf1 Qc7 24. Be7 Qb6 25. Qf5 c4+ 26. Kh1 Qe3 27. Bd6 Kh8 28. Be8 Qd3 29. Bxd7 1/2-1/2

[Event "A/E-I/4"]
[Site "A/E-I/4"]
[Date "1996.??.??"]
[Round "?"]
[White "Haika, Guenter"]
[Black "Pock, Markus"]
[Result "1-0"]
[WhiteElo "1880"]
[BlackElo "1745"]
[PlyCount "99"]
[EventDate "1996.??.??"]
[Source "www.chesslib.no"]
[SourceDate "2004.05.04"]

1. d4 Nf6 2. c4 c5 3. d5 e6 4. Nc3 exd5 5. cxd5 d6 6. e4 g6 7. f4 Bg7 8. e5 Nfd7 9. Nb5 dxe5 10. Nd6+ Ke7 11. Nxc8+ Qxc8 12. Nf3 e4 13. Ng5 Kf8 14. Nxe4 Qe8 15. Qe2 Na6 16. Nd6 Qxe2+ 17. Bxe2 Nc7 18. Nxb7 Nxd5 19. Bf3 Re8+ 20. Kf2 Bd4+ 21. Kg3 N7f6 22. Nd6 Re6 23. Nb5 Rb6 24. Nxd4 cxd4 25. b3 Kg7 26. Rd1 Ne3 27. Rd3 Nc2 28. Rb1 Rd8 29. Bb2 Rbd6 30. Kf2 h5 31. h3 Nb4 32. Rd2 Nxa2 33. Rbd1 Kh6 34. Rxd4 Ne8 35. Ke1 a5 36. Rxd6 Rxd6 37. Rxd6 Nxd6 38. Be5 Nb5 39. Kd2 f5 40. h4 Nb4 41. g3 Kh7 42. Be2 Na7 43. Kc3 Nac6 44. Kc4 Nxe5+ 45. fxe5 Kg7 46. Kc5 Na2 47. e6 Nc3 48. Bf3 Kf6 49. Kd6 Nb5+ 50. Kd7 1-0

[Event "Dortmund"]
[Site "?"]
[Date "2004.07.27"]
[Round "5"]
[White "Kaplun Viktoria"]
[Black "Aulich Marcell"]
[Result "0-1"]
[WhiteElo "1784"]
[BlackElo "1721"]
[PlyCount "62"]
[EventDate "2004.??.??"]
[Source "www.chesslib.no"]
[SourceDate "2004.05.04"]

1. d4 Nf6 2. c4 c5 3. d5 e6 4. Nc3 exd5 5. cxd5 d6 6. e4 g6 7. f4 Bg7 8. e5 Nfd7 9. Nb5 dxe5 10. Nd6+ Ke7 11. Nxc8+ Qxc8 12. Nf3 Re8 13. d6+ Kf8 14. f5 e4 15. Ng5 Ne5 16. Nxh7+ Kg8 17. fxg6 Nd3+ 18. Bxd3 exd3+ 19. Kf1 Qf5+ 20. Qf3 Qxf3+ 21. gxf3 fxg6 22. Ng5 Be5 23. Ne4 Nd7 24. Be3 c4 25. Rc1 b5 26. a4 Bxb2 27. Rb1 c3 28. axb5 Rab8 29. Rg1 Re6 30. Ke1 Rxb5 31. Bxa7 c2 0-1

[Event "Corr"]
[Site "?"]
[Date "2002.07.01"]
[Round "?"]
[White "Van der Vurst Adri"]
[Black "Geluk Peter-Paul"]
[Result "1-0"]
[WhiteElo "1839"]
[BlackElo "1546"]
[PlyCount "63"]
[EventDate "2002.??.??"]
[Source "www.chesslib.no"]
[SourceDate "2004.05.04"]

1. d4 Nf6 2. c4 c5 3. d5 e6 4. Nc3 exd5 5. cxd5 d6 6. e4 g6 7. f4 Bg7 8. e5 dxe5 9. fxe5 Nfd7 10. e6 Qh4+ 11. g3 Bxc3+ 12. bxc3 Qe7 13. Qe2 fxe6 14. dxe6 Nf8 15. Bg2 Nxe6 16. Nf3 O-O 17. Bh6 Re8 18. O-O Nc6 19. Rae1 Bd7 20. Qd2 Rad8 21. Ng5 Bc8 22. Qf2 Rf8 23. Bxf8 Rxf8 24. Qxf8+ Qxf8 25. Rxf8+ Nxf8 26. Bxc6 bxc6 27. Re7 a5 28. Ra7 Bf5 29. Rxa5 h6 30. Nf3 Nd7 31. a4 Kf7 32. Ra7 1-0

[Event "Wattens Open"]
[Site "Wattens"]
[Date "1993.??.??"]
[Round "?"]
[White "Hahn, Harald"]
[Black "Staudacher, Karl Heinz"]
[Result "0-1"]
[WhiteElo "1775"]
[BlackElo "1605"]
[PlyCount "32"]
[EventDate "1993.??.??"]
[Source "www.chesslib.no"]
[SourceDate "2004.05.04"]

1. d4 Nf6 2. c4 c5 3. d5 e6 4. Nc3 exd5 5. cxd5 d6 6. e4 g6 7. f4 Bg7 8. e5 dxe5 9. Bb5+ Nfd7 10. Nf3 O-O 11. O-O a6 12. Be2 b5 13. fxe5 Nxe5 14. Nxe5 Bxe5 15. Bh6 Qh4 16. Be3 Bxh2+ 0-1

[Event "Corr"]
[Site "?"]
[Date "2002.12.30"]
[Round "?"]
[White "Daurelle Herve"]
[Black "Bordukalo Roman"]
[Result "1-0"]
[WhiteElo "2359"]
[BlackElo "825"]
[PlyCount "37"]
[EventDate "2002.??.??"]
[Source "www.chesslib.no"]
[SourceDate "2004.05.04"]

1. d4 Nf6 2. c4 c5 3. d5 e6 4. Nc3 exd5 5. cxd5 d6 6. e4 g6 7. f4 Bg7 8. e5 Nfd7 9. Nb5 dxe5 10. Nd6+ Ke7 11. Nxc8+ Qxc8 12. Nf3 Re8 13. Be2 Nb6 14. fxe5 Kf8 15. O-O Na6 16. Bb5 Nd7 17. e6 fxe6 18. Bxd7 Qxd7 19. Ne5+ 1-0

[Event "Corr"]
[Site "?"]
[Date "2002.12.30"]
[Round "?"]
[White "Daurelle Herve"]
[Black "Jentoft Hilmar"]
[Result "1-0"]
[WhiteElo "2359"]
[BlackElo "818"]
[PlyCount "47"]
[EventDate "2002.??.??"]
[Source "www.chesslib.no"]
[SourceDate "2004.05.04"]

1. d4 Nf6 2. c4 c5 3. d5 e6 4. Nc3 exd5 5. cxd5 d6 6. e4 g6 7. f4 Bg7 8. e5 Nfd7 9. Nb5 dxe5 10. Nd6+ Ke7 11. Nxc8+ Qxc8 12. Nf3 Re8 13. Be2 Kf8 14. O-O e4 15. Ng5 h6 16. f5 Bd4+ 17. Kh1 hxg5 18. fxg6 f6 19. Bxg5 Kg7 20. Bg4 Bxb2 21. Qb3 Bxa1 22. Bh6+ Kxh6 23. Qh3+ Kxg6 24. Bf5+ 1-0

[Event "Corr"]
[Site "?"]
[Date "2002.12.30"]
[Round "?"]
[White "Jentoft Hilmar"]
[Black "Joensson Paul E"]
[Result "0-1"]
[WhiteElo "818"]
[BlackElo "1600"]
[PlyCount "46"]
[EventDate "2002.??.??"]
[Source "www.chesslib.no"]
[SourceDate "2004.05.04"]

1. d4 Nf6 2. c4 c5 3. d5 e6 4. Nc3 exd5 5. cxd5 d6 6. e4 g6 7. f4 Bg7 8. e5 Nfd7 9. Nb5 dxe5 10. Nd6+ Ke7 11. Nxc8+ Qxc8 12. Nf3 Re8 13. fxe5 Nxe5 14. Bb5 Nbd7 15. O-O Kf8 16. Nxe5 Rxe5 17. Bf4 c4 18. Qd4 Rf5 19. Qxc4 Qxc4 20. Bxc4 Bxb2 21. Rab1 Bd4+ 22. Kh1 Rc8 23. g4 Rf6 0-1